Movies Quiz

Random Movies Quiz

Movies by any word Tom Cruise Quiz Stats

Quiz not verified by Sporcle

Challenge
Share
Tweet
Embed
Score 0/39 Timer 04:00
0 Plays Today
Year Movie Title % Correct
1989Born on the Fourth of July
99.3%
1994Interview with the Vampire: The Vampire Chronicles
99.3%
1986The Color of Money
98%
1996Mission: Impossible
98%
2000Mission: Impossible II
98%
2006Mission: Impossible III
98%
2011Mission: Impossible - Ghost Protocol
98%
2015Mission Impossible: Rogue Nation
98%
1983All the Right Moves
97.3%
1993The Firm
97.3%
2005War of the Worlds
97.3%
1983The Outsiders
96.6%
1986Top Gun
95.9%
2003The Last Samurai
93.9%
1990Days of Thunder
91.2%
1992A Few Good Men
91.2%
2012Rock of Ages
89.9%
2014Edge of Tomorrow
88.5%
2010Knight and Day
85.1%
2016Jack Reacher: Never Go Back
85.1%
Year Movie Title % Correct
1988Rain Man
83.8%
2012Jack Reacher
83.8%
1992Far and Away
83.1%
1983Risky Business
81.1%
1988Cocktail
77%
2008Valkyrie
75%
1996Jerry Maguire
74.3%
2008Tropic Thunder
73%
2002Minority Report
66.2%
1999Eyes Wide Shut
62.8%
2004Collateral
58.1%
2001Vanilla Sky
56.8%
1999Magnolia
55.4%
2007Lions for Lambs
54.7%
1981Taps
49.3%
2013Oblivion
41.2%
1985Legend
35.1%
1983Losin' It
34.5%
1981Endless Love
30.4%

You're not logged in!

Compare scores with friends on all Sporcle quizzes.
Join for Free
OR
Log In

You Might Also Like...

Show Comments

Extras

Created Apr 18, 2017ReportNominate
Tags:Tom Cruise

Top Quizzes Today


Score Distribution

Your Account Isn't Verified!

In order to create a playlist on Sporcle, you need to verify the email address you used during registration. Go to your Sporcle Settings to finish the process.

Report this User

Report this user for behavior that violates our Community Guidelines.

Details: